[Event "British Chess Championships 2023: U14 Championship"]
[Site "The Venue, De Montfort University, 20 Western Boulevard, Leicester, LE2 7BU"]
[Date "2023.07.28"]
[Round "5"]
[Board "19"]
[White "Miler, Jakub"]
[Black "Mehta, Sophie"]
[Result "0-1"]
[WhiteElo "1100"]
[BlackElo "1410"]
[PlyCount "68"]
[EventDate "2023.07.25"]
[EventRounds "7"]
[EventCountry "ENG"]

1. e4 c5 2. Nf3 d6 3. d4 cxd4 4. Nxd4 Nf6 5. Nc3 g6 6. Bc4 Bg7 7. O-O O-O 8. Bg5
Nbd7 9. Qd2 Re8 10. Bh6 Bh8 11. h4 Ne5 12. Bb5 Bd7 13. Bxd7 Qxd7 14. Nf5 Nxe4 15.
Nxe7+ Qxe7 16. Nxe4 Qxh4 17. Nxd6 Ng4 18. Qf4 Bf6 19. Nxe8 Be5 20. Nf6+ Bxf6 21.
Qg3 Qxg3 22. fxg3 Bd4+ 23. Kh1 Nxh6 24. c3 Be5 25. Rf3 Rd8 26. b4 Rd2 27. Re1 Ng4
28. a4 Rc2 29. Re4 h5 30. Rxg4 hxg4 31. Re3 f6 32. Rd3 Kf7 33. Rd7+ Ke6 34. Rxb7
Bxg3  0-1

[Event "British Chess Championships 2023: U14 Championship"]
[Site "The Venue, De Montfort University, 20 Western Boulevard, Leicester, LE2 7BU"]
[Date "2023.07.28"]
[Round "5"]
[Board "20"]
[White "Gadiot, Ashton"]
[Black "Merchant, Sebastian"]
[Result "1-0"]
[WhiteElo "1312"]
[BlackElo "1391"]
[PlyCount "39"]
[EventDate "2023.07.25"]
[EventRounds "7"]
[EventCountry "ENG"]

1. e4 c5 2. Nc3 d6 3. Nge2 Nf6 4. d4 cxd4 5. Nxd4 a6 6. g3 b5 7. Bg2 Bb7 8. Bg5 b4
9. Nd5 Nxd5 10. exd5 Nd7 11. O-O Nc5 12. Re1 g6 13. Nc6 Bxc6 14. dxc6 Bg7 15. c7
Qxc7 16. Bxe7 Kd7 17. Bxa8 Bxb2 18. Rb1 Bc3 19. Re3 Bd4 20. Qxd4  1-0

[Event "British Chess Championships 2023: U14 Championship"]
[Site "The Venue, De Montfort University, 20 Western Boulevard, Leicester, LE2 7BU"]
[Date "2023.07.28"]
[Round "5"]
[Board "21"]
[White "Ou, Siyuan"]
[Black "Tagg, Ann"]
[Result "1-0"]
[WhiteElo "1232"]
[BlackElo "1133"]
[PlyCount "93"]
[EventDate "2023.07.25"]
[EventRounds "7"]
[EventCountry "ENG"]

1. e4 e5 2. Nf3 Nc6 3. Bc4 Bc5 4. c3 Nf6 5. d3 d6 6. b4 Bb6 7. h3 Be6 8. Bb5 a6 9.
Ba4 O-O 10. Bg5 h6 11. Bh4 a5 12. b5 Nb8 13. O-O Nbd7 14. Re1 Qe8 15. d4 Rd8 16.
d5 Bxh3 17. gxh3 Rc8 18. Nh2 g6 19. Ng4 Nh5 20. Nxh6+ Kh7 21. Bg5 Nf4 22. Qg4 Nd3
23. Re2 N7c5 24. Qh4 f5 25. Ng4+ Kg7 26. Qh6+ Kg8 27. Bf6 Rxf6 28. Nxf6+ Kf7 29.
Nxe8 Rxe8 30. exf5 Nxa4 31. fxg6+ Ke7 32. Qh7+ Kd8 33. g7 Nac5 34. g8=Q Rxg8+ 35.
Qxg8+ Ke7 36. h4 Nf4 37. Qg5+ Kd7 38. Qf5+ Ke7 39. Qxf4 Kd7 40. Qf7+ Kd8 41. h5 Nd7
42. h6 c6 43. h7 Kc7 44. h8=Q Bxf2+ 45. Rxf2 Kb6 46. dxc6 Kc5 47. c7  1-0

[Event "British Chess Championships 2023: U14 Championship"]
[Site "The Venue, De Montfort University, 20 Western Boulevard, Leicester, LE2 7BU"]
[Date "2023.07.28"]
[Round "5"]
[Board "22"]
[White "Eccleston, Bryony"]
[Black "Ou, Siyao"]
[Result "1-0"]
[WhiteElo "1017"]
[BlackElo "1088"]
[PlyCount "87"]
[EventDate "2023.07.25"]
[EventRounds "7"]
[EventCountry "ENG"]

1. e4 e6 2. d4 d5 3. e5 c5 4. c3 Qb6 5. Nf3 Nc6 6. Bd3 Nh6 7. O-O Be7 8. Qc2 Nf5
9. Rd1 Bd7 10. Bxf5 exf5 11. dxc5 Qxc5 12. Be3 Qa5 13. b4 Qb5 14. h3 Qc4 15. Nbd2
Nxb4 16. Qb2 Qb5 17. cxb4 f6 18. Nd4 Qb6 19. Nxf5 Qa6 20. Nxe7 Kxe7 21. exf6+ gxf6
22. Bd4 Raf8 23. Bc5+ Kd8 24. Bxf8 Rxf8 25. Rac1 Rg8 26. Qc3 Ke8 27. Re1+ Kf8 28.
Qc5+ Kg7 29. Qe7+ Kh8 30. Qxd7 Qd3 31. Re8 Rxe8 32. Qxe8+ Kg7 33. Rc7+ Kh6 34. Qe3+
Qxe3 35. fxe3 Kg5 36. Rxh7 f5 37. Rxb7 f4 38. Rg7+ Kf6 39. exf4 Kxg7 40. g4 Kf6 41.
Kf2 Ke6 42. Ke3 Kf6 43. Kd4 Ke6 44. h4  1-0

[Event "British Chess Championships 2023: U14 Championship"]
[Site "The Venue, De Montfort University, 20 Western Boulevard, Leicester, LE2 7BU"]
[Date "2023.07.28"]
[Round "6"]
[Board "1"]
[White "Cancedda-Dupuis, Livio"]
[Black "Gulijevs, Eldars"]
[Result "1-0"]
[WhiteElo "1656"]
[BlackElo "1845"]
[PlyCount "129"]
[EventDate "2023.07.25"]
[EventRounds "7"]
[EventCountry "ENG"]

1. e4 c6 2. d4 d5 3. exd5 cxd5 4. Bd3 Nf6 5. Bf4 Nc6 6. c3 g6 7. h3 Bg7 8. Nf3 O-O
9. Nbd2 Re8 10. O-O a6 11. Qc2 b5 12. b4 Bb7 13. Nb3 Nd7 14. Rfe1 Rc8 15. Qd2 e5
16. dxe5 Ncxe5 17. Nxe5 Nxe5 18. Nc5 Ba8 19. Bf1 Qb6 20. Bh6 Bh8 21. Be3 Nc4 22.
Bxc4 dxc4 23. Bd4 Red8 24. f3 Qd6 25. Rad1 a5 26. a3 a4 27. Qf2 Qf4 28. Bxh8 Kxh8
29. Qe2 Bc6 30. Kf2 Re8 31. Qd2 Qh4+ 32. Kf1 Rcd8 33. Rxe8+ Rxe8 34. Qd4+ Qxd4 35.
Rxd4 Kg7 36. Kf2 Kf8 37. Ne4 Bxe4 38. fxe4 Re5 39. g4 h5 40. Ke3 hxg4 41. hxg4 g5
42. Rd5 f6 43. Kd4 Re7 44. e5 fxe5+ 45. Rxe5 Rd7+ 46. Rd5 Rb7 47. Rxg5 Kf7 48. Kc5
Kf6 49. Rf5+ Ke6 50. Kc6 Rb8 51. Kc7 Rg8 52. Rxb5 Rxg4 53. Rc5 Rg2 54. Rxc4 Ra2 55.
b5 Rxa3 56. b6 Kd5 57. Rc6 Rb3 58. b7 a3 59. c4+ Kd4 60. b8=Q Rxb8 61. Kxb8 a2 62.
Ra6 Kc3 63. Rxa2 Kb3 64. Ra5 Kb4 65. Rh5  1-0

[Event "British Chess Championships 2023: U14 Championship"]
[Site "The Venue, De Montfort University, 20 Western Boulevard, Leicester, LE2 7BU"]
[Date "2023.07.28"]
[Round "6"]
[Board "2"]
[White "Zhu, Pengxiao"]
[Black "Larchikov, Maksym"]
[Result "1-0"]
[WhiteElo "1487"]
[BlackElo "1859"]
[PlyCount "61"]
[EventDate "2023.07.25"]
[EventRounds "7"]
[EventCountry "ENG"]

1. d4 Nf6 2. c4 g6 3. Nc3 d5 4. cxd5 Nxd5 5. e4 Nxc3 6. bxc3 Bg7 7. Bc4 O-O 8. Ne2
c5 9. Be3 Nc6 10. O-O Bg4 11. f3 Na5 12. Bd3 cxd4 13. cxd4 Be6 14. d5 Bxa1 15. Qxa1
f6 16. Qd4 Bd7 17. e5 Bf5 18. Bxf5 gxf5 19. e6 Rc8 20. Bh6 Rc4 21. Qd3 Qb6+ 22. Kh1
Rd8 23. Qxf5 Kh8 24. Bg5 Qb2 25. Rb1 Rxd5 26. Bxf6+ exf6 27. Qxf6+ Kg8 28. e7 Qxb1+
29. Ng1 Rc8 30. h4 Re5 31. Kh2  1-0

[Event "British Chess Championships 2023: U14 Championship"]
[Site "The Venue, De Montfort University, 20 Western Boulevard, Leicester, LE2 7BU"]
[Date "2023.07.28"]
[Round "6"]
[Board "3"]
[White "Mittal, Aditya"]
[Black "Blades, Kit"]
[Result "0-1"]
[WhiteElo "1421"]
[BlackElo "1689"]
[PlyCount "96"]
[EventDate "2023.07.25"]
[EventRounds "7"]
[EventCountry "ENG"]

1. b3 d5 2. Bb2 e6 3. Nf3 Nf6 4. e3 Be7 5. c4 O-O 6. cxd5 exd5 7. Be2 Bf5 8. O-O
Nbd7 9. Nc3 Nc5 10. d4 Nce4 11. Nxe4 Nxe4 12. Bd3 Bd6 13. Qe2 Bg4 14. h3 Bh5 15.
g4 Bg6 16. Ne5 Bxe5 17. dxe5 Qh4 18. Kg2 Ng5 19. Rh1 Be4+ 20. Bxe4 dxe4 21. Rac1
c6 22. Rcd1 Rad8 23. Ba3 Rfe8 24. Rd6 Nf3 25. Qc4 Rxe5 26. Rxd8+ Qxd8 27. Qb4 Qb8
28. Rc1 Re6 29. Rh1 Nh4+ 30. Kf1 h6 31. Ke2 b6 32. Qd4 Qc8 33. Bb2 Qa6+ 34. Kd2 Nf3+
35. Kc2 Nxd4+ 36. Bxd4 c5 37. Bb2 Qe2+ 38. Kc1 Rd6 39. Kb1 Rd1+ 40. Rxd1 Qxd1+ 41.
Bc1 Qd3+ 42. Kb2 Qe2+ 43. Ka3 Qxf2 44. h4 b5 45. g5 a6 46. gxh6 b4+ 47. Ka4 Qxa2+
48. Ba3 Qxa3#  0-1

[Event "British Chess Championships 2023: U14 Championship"]
[Site "The Venue, De Montfort University, 20 Western Boulevard, Leicester, LE2 7BU"]
[Date "2023.07.28"]
[Round "6"]
[Board "4"]
[White "Leung, Hao Ran"]
[Black "Welling, Zac"]
[Result "1/2-1/2"]
[WhiteElo "1432"]
[BlackElo "1661"]
[PlyCount "63"]
[EventDate "2023.07.25"]
[EventRounds "7"]
[EventCountry "ENG"]

1. d4 Nf6 2. Bg5 d5 3. Bxf6 exf6 4. e3 c6 5. Bd3 Bd6 6. c3 O-O 7. Qc2 g6 8. Nd2 f5
9. Ne2 a5 10. a4 Nd7 11. O-O Nf6 12. g3 Re8 13. Rfe1 Kg7 14. Nf4 Ne4 15. Ng2 h5 16.
Bxe4 fxe4 17. f3 exf3 18. Nxf3 Bf5 19. Qf2 Qe7 20. h4 Be4 21. Ng5 Bxg2 22. Kxg2 f6
23. Nh3 Qe4+ 24. Qf3 Qxf3+ 25. Kxf3 Re4 26. Nf2 Re6 27. e4 Rae8 28. Re3 dxe4+ 29.
Rxe4 g5 30. hxg5 fxg5 31. Rae1 Kf6 32. Kg2  1/2-1/2

[Event "British Chess Championships 2023: U14 Championship"]
[Site "The Venue, De Montfort University, 20 Western Boulevard, Leicester, LE2 7BU"]
[Date "2023.07.28"]
[Round "6"]
[Board "5"]
[White "Aleksandrov, Igor"]
[Black "Malik, Hunain"]
[Result "0-1"]
[WhiteElo "1411"]
[BlackElo "1675"]
[PlyCount "110"]
[EventDate "2023.07.25"]
[EventRounds "7"]
[EventCountry "ENG"]

1. d4 Nf6 2. c4 g6 3. Nc3 Bg7 4. e4 d6 5. Nf3 O-O 6. Be2 Nbd7 7. O-O e5 8. d5 h6
9. Nd2 a5 10. f3 Nh7 11. Na4 f5 12. Nb3 b6 13. Nc3 f4 14. Bd2 g5 15. Nc1 Ndf6 16.
Nd3 h5 17. Nf2 Kh8 18. a3 Ng8 19. b4 Nh6 20. Rc1 Nf6 21. h3 Rg8 22. c5 g4 23. fxg4
hxg4 24. Nxg4 Nfxg4 25. Bxg4 Nxg4 26. hxg4 Bf8 27. cxd6 Bxd6 28. Nb5 Bxg4 29. Nxd6
Qxd6 30. Qe1 Rg7 31. Qh4+ Kg8 32. Rc6 Qd7 33. Rh6 Rf8 34. Rh8+ Kf7 35. Bxf4 Rxh8
36. Bxe5+ Kg8 37. Qf6 Qe7 38. Qxg7+ Qxg7 39. Bxg7 Kxg7 40. Rc1 Rc8 41. bxa5 bxa5
42. Kf2 Kf6 43. Ke3 Ke5 44. Rc5 a4 45. Rc4 Bd1 46. Rc6 Bg4 47. Rc4 Bd7 48. g3 Kd6
49. Kd4 Re8 50. Rc3 Re5 51. Rf3 Rg5 52. e5+ Ke7 53. e6 Be8 54. Rc3 Kd6 55. Kc4 Rxd5
 0-1

[Event "British Chess Championships 2023: U14 Championship"]
[Site "The Venue, De Montfort University, 20 Western Boulevard, Leicester, LE2 7BU"]
[Date "2023.07.28"]
[Round "6"]
[Board "6"]
[White "Parikh, Naavya"]
[Black "Walia, Michael Kanishk"]
[Result "1-0"]
[WhiteElo "1517"]
[BlackElo "1374"]
[PlyCount "113"]
[EventDate "2023.07.25"]
[EventRounds "7"]
[EventCountry "ENG"]

1. e4 e6 2. d4 d5 3. exd5 exd5 4. Nf3 Nf6 5. Be2 Bd6 6. O-O O-O 7. Bg5 c6 8. Ne5
Bf5 9. Bd3 Bxd3 10. Qxd3 Be7 11. Re1 Nbd7 12. Qh3 Nb6 13. Nd2 Re8 14. Ndf3 Ne4 15.
Bxe7 Qxe7 16. Nh4 Qf6 17. Nhf3 Rad8 18. Ng4 Qd6 19. Nfe5 f6 20. Nf3 Qb4 21. b3 Ng5
22. Rxe8+ Rxe8 23. Qh5 Nxf3+ 24. gxf3 Re1+ 25. Rxe1 Qxe1+ 26. Kg2 Qe7 27. Ne3 Qd7
28. Qf5 Qe7 29. Qf4 Qd8 30. Nf5 Na8 31. Qd6 Qxd6 32. Nxd6 Nc7 33. Nxb7 Nb5 34. Na5
Nxd4 35. c3 Nb5 36. c4 dxc4 37. bxc4 Nc3 38. Nxc6 Nxa2 39. Nxa7 Nb4 40. Kg3 Kf7 41.
Kf4 Ke6 42. Ke4 Kd6 43. Nb5+ Kc5 44. Nc7 g6 45. Ne6+ Kxc4 46. Nf8 Nd3 47. Ke3 Ne5
48. Nxh7 Nd7 49. Kf4 Kd3 50. h4 Ke2 51. Kg3 Ne5 52. Nxf6 Nxf3 53. Ng4 Nxh4 54. Kxh4
Kf3 55. Kg5 Ke4 56. f4 Kf3 57. Ne5+  1-0

[Event "British Chess Championships 2023: U14 Championship"]
[Site "The Venue, De Montfort University, 20 Western Boulevard, Leicester, LE2 7BU"]
[Date "2023.07.28"]
[Round "6"]
[Board "7"]
[White "Rastogi, Nayan Keats"]
[Black "Sharma, Rishan"]
[Result "1/2-1/2"]
[WhiteElo "1540"]
[BlackElo "1370"]
[PlyCount "102"]
[EventDate "2023.07.25"]
[EventRounds "7"]
[EventCountry "ENG"]

1. e4 c5 2. c3 Nf6 3. e5 Nd5 4. d4 cxd4 5. Nf3 Nc6 6. cxd4 d6 7. Bc4 Nb6 8. Bb5 a6
9. Bxc6+ bxc6 10. O-O g6 11. Nc3 Bg7 12. Bf4 O-O 13. exd6 exd6 14. Ne4 Nc4 15. b3
f5 16. Bg5 Qc7 17. Nc3 Nb6 18. Qd2 Bb7 19. Rfe1 Rfe8 20. Re2 c5 21. Be3 Bxf3 22.
gxf3 f4 23. Bxf4 Bxd4 24. Rae1 Rxe2 25. Rxe2 Rf8 26. Ne4 Be5 27. Bxe5 dxe5 28. Qc3
Nd7 29. Qc4+ Kh8 30. Ng5 Rf5 31. Qh4 Nf6 32. Qh6 Qg7 33. Qxg7+ Kxg7 34. Ne6+ Kf7
35. Nxc5 a5 36. Kg2 Nh5 37. Nd3 Ke6 38. Re4 Rg5+ 39. Rg4 Rxg4+ 40. fxg4 Nf6 41. f3
Kd5 42. Kf2 Kd4 43. Ke2 Nd5 44. Kd2 e4 45. fxe4 Kxe4 46. h4 Kf3 47. h5 Kxg4 48. hxg6
hxg6 49. Ne5+ Kf5 50. Nxg6 Kxg6 51. a3 Kf6  1/2-1/2

[Event "British Chess Championships 2023: U14 Championship"]
[Site "The Venue, De Montfort University, 20 Western Boulevard, Leicester, LE2 7BU"]
[Date "2023.07.28"]
[Round "6"]
[Board "8"]
[White "Roul, Tushar"]
[Black "Spirling, Florence"]
[Result "0-1"]
[WhiteElo "1545"]
[BlackElo "1180"]
[PlyCount "94"]
[EventDate "2023.07.25"]
[EventRounds "7"]
[EventCountry "ENG"]

1. e4 d5 2. exd5 Qxd5 3. Nc3 Qa5 4. Nf3 c6 5. d4 Bg4 6. h3 Bxf3 7. Qxf3 Nf6 8. Bd2
Qb6 9. O-O-O e6 10. Be3 Qc7 11. Bc4 Bd6 12. Ne4 Nxe4 13. Qxe4 Nd7 14. Bg5 h6 15.
Be3 Nf6 16. Qf3 a6 17. Kb1 O-O 18. Bxh6 Qe7 19. Bg5 Qd8 20. Bxf6 Qxf6 21. Qxf6 gxf6
22. Rhe1 f5 23. a3 Rad8 24. Bb3 Kg7 25. Rd3 Kf6 26. Red1 Bc7 27. Ba2 Rh8 28. b4 Rdg8
29. g3 Rxh3 30. c4 Rd8 31. d5 cxd5 32. cxd5 Rd6 33. dxe6 Rxd3 34. Rxd3 Rh1+ 35. Kc2
fxe6 36. Re3 e5 37. Bd5 Rh7 38. Rd3 Bb6 39. Bg8 Rc7+ 40. Kb3 Bxf2 41. Rd6+ Kg5 42.
a4 Bd4 43. Bc4 b5 44. axb5 axb5 45. Bxb5 Rc3+ 46. Ka4 Rxg3 47. Bc4 Kf4  0-1

[Event "British Chess Championships 2023: U14 Championship"]
[Site "The Venue, De Montfort University, 20 Western Boulevard, Leicester, LE2 7BU"]
[Date "2023.07.28"]
[Round "6"]
[Board "9"]
[White "Freeman, Luke"]
[Black "Vaidyanathan, Sathya"]
[Result "1/2-1/2"]
[WhiteElo "1387"]
[BlackElo "1465"]
[PlyCount "53"]
[EventDate "2023.07.25"]
[EventRounds "7"]
[EventCountry "ENG"]

1. e4 e5 2. Nc3 Nc6 3. Bc4 Nf6 4. d3 Na5 5. Bb3 Nxb3 6. axb3 a6 7. f4 exf4 8. Nf3
d6 9. O-O Be7 10. Bxf4 O-O 11. d4 Be6 12. h3 h6 13. g4 Nh7 14. d5 Bd7 15. Nd4 Bg5
16. Nf5 Bxf5 17. exf5 Bxf4 18. Rxf4 Qh4 19. Qd3 Ng5 20. Kg2 Rae8 21. Ne4 Re5 22.
Nxg5 hxg5 23. Re4 Rfe8 24. Raa4 f6 25. Rac4 b5 26. Rcd4 Kf7 27. c4  1/2-1/2

[Event "British Chess Championships 2023: U14 Championship"]
[Site "The Venue, De Montfort University, 20 Western Boulevard, Leicester, LE2 7BU"]
[Date "2023.07.28"]
[Round "6"]
[Board "10"]
[White "Kalaiyalahan, Aishwarya"]
[Black "Oh, Julie"]
[Result "1-0"]
[WhiteElo "1389"]
[BlackElo "1374"]
[PlyCount "88"]
[EventDate "2023.07.25"]
[EventRounds "7"]
[EventCountry "ENG"]

1. d4 d5 2. Nf3 Nf6 3. c4 e6 4. g3 c5 5. cxd5 Nxd5 6. Bg2 Nc6 7. O-O Be7 8. b3 h5
9. dxc5 Bxc5 10. Bb2 Qb6 11. Bxg7 Rg8 12. Bb2 Bxf2+ 13. Rxf2 Ne3 14. Qd3 Ng4 15.
Bd4 Nxd4 16. Qxd4 Qxd4 17. Nxd4 Nxf2 18. Kxf2 Rg4 19. Nb5 Kd7 20. N1c3 a6 21. Rd1+
Ke7 22. Nd6 Rb8 23. Bf3 Rg5 24. Na4 b5 25. Nb6 Bb7 26. Nxb7 Rf5 27. Nd6 Rc5 28. Nd7
Kxd7 29. Nb7+ Rd5 30. Nc5+ Kd6 31. Bxd5 Kxc5 32. Bf3 Kb4 33. Bxh5 Rh8 34. g4 f5 35.
Kg3 fxg4 36. Bxg4 e5 37. Rd5 Ka3 38. Rxe5 Kxa2 39. e4 Kxb3 40. Rc5 b4 41. Bd1+ Kb2
42. e5 b3 43. e6 Re8 44. Rc6 a5  1-0

[Event "British Chess Championships 2023: U14 Championship"]
[Site "The Venue, De Montfort University, 20 Western Boulevard, Leicester, LE2 7BU"]
[Date "2023.07.28"]
[Round "6"]
[Board "11"]
[White "Thomas, James"]
[Black "Swiatkowski, Dominik"]
[Result "1-0"]
[WhiteElo "1588"]
[BlackElo "1361"]
[PlyCount "63"]
[EventDate "2023.07.25"]
[EventRounds "7"]
[EventCountry "ENG"]

1. d4 d5 2. Bf4 Nf6 3. e3 e6 4. Nf3 c5 5. c3 Nc6 6. Nbd2 Bd6 7. Bg3 O-O 8. Bd3 b6
9. e4 dxe4 10. Nxe4 Nxe4 11. Bxe4 Bb7 12. dxc5 Bxc5 13. Qa4 Na5 14. Rd1 Qf6 15. Bh4
Qh6 16. Bg5 Qh5 17. g4 Qh3 18. Ng1 Bxe4 19. Nxh3 Bxh1 20. b4 Bf3 21. bxc5 Bxd1 22.
Qxd1 bxc5 23. Be7 Rfc8 24. Qa4 Nb7 25. Qe4 Rab8 26. Ng5 g6 27. Qf4 f5 28. Kf1 h6
29. Nf3 g5 30. Qe5 Kf7 31. Qf6+ Ke8 32. Ne5  1-0

[Event "British Chess Championships 2023: U14 Championship"]
[Site "The Venue, De Montfort University, 20 Western Boulevard, Leicester, LE2 7BU"]
[Date "2023.07.28"]
[Round "6"]
[Board "12"]
[White "Gorskovs, Andrejs"]
[Black "Chapman, Luke"]
[Result "1/2-1/2"]
[WhiteElo "1414"]
[BlackElo "1344"]
[PlyCount "89"]
[EventDate "2023.07.25"]
[EventRounds "7"]
[EventCountry "ENG"]

1. e4 e6 2. d4 d5 3. e5 c5 4. c3 Nc6 5. Nf3 Qb6 6. a3 cxd4 7. cxd4 Nge7 8. b4 Nf5
9. Bb2 a6 10. Bd3 Be7 11. Bxf5 exf5 12. O-O O-O 13. Nc3 Be6 14. Rc1 Rac8 15. g3 Na7
16. Qe2 Nb5 17. Nxb5 Qxb5 18. Qxb5 axb5 19. Nd2 Rxc1 20. Rxc1 Rc8 21. Rxc8+ Bxc8
22. f4 Bd7 23. Nf1 Bc6 24. Ne3 g6 25. h3 h5 26. g4 hxg4 27. hxg4 fxg4 28. Nxg4 Kg7
29. Kf2 f5 30. Ne3 Kf7 31. Bc1 Ke6 32. Ng2 Bf8 33. Kf3 Be7 34. Be3 Bd8 35. Bf2 g5
36. Ne3 g4+ 37. Nxg4 fxg4+ 38. Kxg4 Kf7 39. f5 Bd7 40. Be3 Bc8 41. Bg5 Bb6 42. Be3
Bd7 43. Kg5 Bd8+ 44. f6 Bb6 45. Kh6  1/2-1/2

[Event "British Chess Championships 2023: U14 Championship"]
[Site "The Venue, De Montfort University, 20 Western Boulevard, Leicester, LE2 7BU"]
[Date "2023.07.28"]
[Round "6"]
[Board "13"]
[White "Kong, Emma"]
[Black "Bhatia, Kanishka"]
[Result "1/2-1/2"]
[WhiteElo "1315"]
[BlackElo "1592"]
[PlyCount "63"]
[EventDate "2023.07.25"]
[EventRounds "7"]
[EventCountry "ENG"]

1. d4 Nf6 2. c4 e6 3. Nc3 Bb4 4. Qc2 d5 5. Bg5 O-O 6. e3 h6 7. Bh4 Be7 8. cxd5 exd5
9. Bd3 c6 10. Nf3 b6 11. Rb1 Ba6 12. Bxa6 Nxa6 13. Qa4 Nb8 14. Bg3 Nh5 15. Bxb8 Rxb8
16. Qxc6 Bb4 17. O-O Nf6 18. Qa4 Bxc3 19. bxc3 Qc7 20. Rfc1 Ne4 21. Qc2 Rfc8 22.
Rb3 b5 23. Nd2 Nxd2 24. Qxd2 b4 25. g3 a5 26. a3 Qc4 27. Qc2 Qa6 28. Qa2 Qc4 29.
Qc2 Rc6 30. axb4 axb4 31. Ra1 Rcb6 32. Rab1  1/2-1/2

[Event "British Chess Championships 2023: U14 Championship"]
[Site "The Venue, De Montfort University, 20 Western Boulevard, Leicester, LE2 7BU"]
[Date "2023.07.28"]
[Round "6"]
[Board "14"]
[White "Sohi, Aarav"]
[Black "Catabay, Mae C"]
[Result "1/2-1/2"]
[WhiteElo "1230"]
[BlackElo "1579"]
[PlyCount "79"]
[EventDate "2023.07.25"]
[EventRounds "7"]
[EventCountry "ENG"]

1. d4 Nf6 2. c4 g6 3. Nc3 d5 4. Bg5 c6 5. Nf3 Bg7 6. e3 O-O 7. Be2 Nbd7 8. O-O h6
9. Bh4 Ne4 10. cxd5 Nxc3 11. bxc3 cxd5 12. c4 Nf6 13. Qb3 e6 14. Rfc1 g5 15. Bg3
Ne4 16. Be5 f6 17. Bg3 Kh8 18. cxd5 Nxg3 19. hxg3 Qxd5 20. Qxd5 exd5 21. Rc5 Be6
22. Rac1 Rac8 23. Rc7 Kg8 24. R1c5 Rxc7 25. Rxc7 Rf7 26. Rc5 Bf8 27. Rc1 Bd6 28.
Nh2 Rc7 29. Rxc7 Bxc7 30. Ng4 Kg7 31. f4 h5 32. Nf2 Kg6 33. Nd3 b6 34. Kf2 Bd6 35.
Kf3 Bg4+ 36. Kf2 Bxe2 37. Kxe2 Kf5 38. Kf3 g4+ 39. Ke2 Ke4 40. Nf2+  1/2-1/2

[Event "British Chess Championships 2023: U14 Championship"]
[Site "The Venue, De Montfort University, 20 Western Boulevard, Leicester, LE2 7BU"]
[Date "2023.07.28"]
[Round "6"]
[Board "15"]
[White "Mehta, Sophie"]
[Black "Eradi, Madhav"]
[Result "1/2-1/2"]
[WhiteElo "1410"]
[BlackElo "1339"]
[PlyCount "100"]
[EventDate "2023.07.25"]
[EventRounds "7"]
[EventCountry "ENG"]

1. d4 Nf6 2. Bf4 e6 3. Nf3 d5 4. e3 Bd6 5. Bg3 O-O 6. Be2 a6 7. a4 Nc6 8. Nbd2 Bd7
9. c3 a5 10. Ne5 Qe7 11. Ndf3 Ne4 12. Bd3 f5 13. Nxc6 Bxc6 14. Ne5 Qf6 15. Qh5 Qg5
16. Qxg5 Nxg5 17. f4 Ne4 18. Bxe4 dxe4 19. Nc4 Bd5 20. Nxd6 cxd6 21. Bh4 Bc4 22.
Be7 Rf7 23. Bxd6 Ra6 24. Bc5 Rf6 25. g3 Kf7 26. h4 h5 27. Kd2 Rc6 28. Ba3 b6 29.
Rhg1 Bb3 30. Rg2 Bxa4 31. Be7 Kxe7 32. Rxa4 Rf8 33. Rg1 Rc7 34. Rga1 Rb7 35. Kc2
Rfb8 36. Kb3 Kd6 37. Kc2 Rc8 38. R1a3 g6 39. Rb3 Ra8 40. Rb5 Rab8 41. Kd2 Ra8 42.
c4 Kc6 43. Kc3 Ra6 44. Kc2 Ra8 45. b4 Rba7 46. bxa5 bxa5 47. Re5 Kd7 48. Rb5 Kc6
49. Rc5+ Kd6 50. Rb5 Kc6  1/2-1/2

[Event "British Chess Championships 2023: U14 Championship"]
[Site "The Venue, De Montfort University, 20 Western Boulevard, Leicester, LE2 7BU"]
[Date "2023.07.28"]
[Round "6"]
[Board "16"]
[White "Gadiot, Ashton"]
[Black "Ajaykumar, Arav"]
[Result "1-0"]
[WhiteElo "1312"]
[BlackElo "1289"]
[PlyCount "69"]
[EventDate "2023.07.25"]
[EventRounds "7"]
[EventCountry "ENG"]

1. e4 e5 2. Nc3 Nf6 3. f4 d6 4. Nf3 Nc6 5. d4 exd4 6. Nxd4 Bg4 7. Nf3 Qe7 8. Bd3
Nd4 9. Be3 Nxf3+ 10. gxf3 Bd7 11. Qe2 g6 12. Kd2 Bg7 13. a4 Nh5 14. Nd5 Qd8 15. Qf2
c6 16. Nc3 Bh6 17. f5 Qb6 18. a5 Qd4 19. Ra4 Qxe3+ 20. Qxe3 Bxe3+ 21. Kxe3 c5 22.
Bb5 gxf5 23. exf5 Nf6 24. Rd1 Ke7 25. Bxd7 Kxd7 26. Ne4 Nxe4 27. fxe4 Rhe8 28. Ra3
Kc6 29. Rad3 Rad8 30. c4 f6 31. Kf4 Rg8 32. Rg3 Rxg3 33. hxg3 b5 34. cxb5+ Kxb5 35.
Rd5  1-0

[Event "British Chess Championships 2023: U14 Championship"]
[Site "The Venue, De Montfort University, 20 Western Boulevard, Leicester, LE2 7BU"]
[Date "2023.07.28"]
[Round "6"]
[Board "17"]
[White "Edwards, Leon"]
[Black "Ou, Siyuan"]
[Result "1-0"]
[WhiteElo "1387"]
[BlackElo "1232"]
[PlyCount "123"]
[EventDate "2023.07.25"]
[EventRounds "7"]
[EventCountry "ENG"]

1. d4 e6 2. c4 Nf6 3. Nc3 d5 4. cxd5 exd5 5. Bg5 Be7 6. e3 c6 7. Nf3 O-O 8. Be2
Re8 9. O-O h6 10. Bf4 Nbd7 11. Qb3 a5 12. a4 Bb4 13. Rac1 Nh5 14. Bg3 Nhf6 15. Qc2
Bxc3 16. bxc3 Ne4 17. c4 b6 18. cxd5 cxd5 19. Qc6 Nxg3 20. hxg3 Ra7 21. Qxd5 Bb7
22. Qb3 Ba6 23. Bxa6 Rxa6 24. Rc6 Nb8 25. Rc2 Nd7 26. Rfc1 Ra8 27. Rc7 Rb8 28. Qd5
Re7 29. Ne5 Kh8 30. Rxd7 Rxd7 31. Qxd7 Qxd7 32. Nxd7 Rb7 33. Ne5 f6 34. Nd3 g5 35.
Kf1 Kg7 36. Ke2 Kg6 37. g4 h5 38. gxh5+ Kxh5 39. Rc6 Kg6 40. g4 Kf7 41. Kd2 Rb8 42.
Kc3 Rb7 43. Kc4 b5+ 44. axb5 Ke7 45. Ra6 a4 46. Rxa4 Rc7+ 47. Nc5 Kf7 48. b6 Rc8
49. b7 Rb8 50. Ra8 Rxb7 51. Nxb7 Ke6 52. Ra6+ Ke7 53. d5 f5 54. d6+ Kd7 55. Nc5+
Ke8 56. d7+ Ke7 57. Ra8 f4 58. d8=Q+ Kf7 59. Qg8+ Kf6 60. Ra6+ Ke7 61. Qg7+ Kd8 62.
Ra8#  1-0

[Event "British Chess Championships 2023: U14 Championship"]
[Site "The Venue, De Montfort University, 20 Western Boulevard, Leicester, LE2 7BU"]
[Date "2023.07.28"]
[Round "6"]
[Board "18"]
[White "Martin, Ryan"]
[Black "Mitraka, Chrysa"]
[Result "0-1"]
[WhiteElo "1354"]
[BlackElo "1086"]
[PlyCount "77"]
[EventDate "2023.07.25"]
[EventRounds "7"]
[EventCountry "ENG"]

1. e4 e6 2. d4 d5 3. Nc3 Nf6 4. exd5 exd5 5. Bg5 c6 6. Bd3 Bd6 7. Nge2 O-O 8. Qd2
Nbd7 9. f3 Qc7 10. O-O-O b6 11. g4 c5 12. Nb5 Qb8 13. Nxd6 Qxd6 14. c3 c4 15. Bc2
a5 16. Qf4 Qc6 17. Bxf6 Nxf6 18. g5 Nh5 19. Qh4 g6 20. Ng3 Ng7 21. Qh6 f5 22. f4
Bb7 23. Rde1 Rae8 24. Kd2 Qd6 25. Ref1 b5 26. Rf3 Rf7 27. Re1 Rxe1 28. Kxe1 Re7+
29. Kd2 Qe6 30. Bd1 b4 31. Qh4 bxc3+ 32. bxc3 Qb6 33. Kc1 Bc6 34. Qh3 Rb7 35. Rf2
Qb1+ 36. Kd2 Qxa2+ 37. Ke1 Qa3 38. Qg2 Re7+ 39. Ne2  0-1